General knowledge - Norge - Statistics

General Stats
  • This quiz has been taken 150 times
  • The average score is 7 of 15
Answer Stats
Question Answer % Correct
Når fikk Norge sin grunnlov? 1814
91%
Hvor mange ganger har Norge arrangert vinter-OL? 2
87%
Hva het Norges mest kjente polfarer som ledet ekspedisjoner til både Nord- og Sydpolen? Roald Amundsen
84%
Største innsjø i Norge? Mjøsa
82%
Antall fylker i Norge? 11
79%
Hvem skrev "Peer Gynt"? Henrik Ibsen
57%
Hva Norges nordligste by? Hammerfest
50%
Hva heter Norges eldste by? Tønsberg
50%
Hva heter Norges største bre i fastlands-Europa? Jostedalsbreen
42%
Hva betyr det å "gi blaffen"? Å ikke bry seg
37%
Hva betyr det norske uttrykket "å være på bærtur"? Å være forvirret
17%
Hva betyr det å "miste hodet"? Å miste kontrollen
10%
Hva er Norges mest populære turistmål om sommeren? Geirangerfjorden
5%
Hva betyr det å "ha noia"? Å være nervøs
2%
Hva betyr det å "være ute og kjøre"? Å være i problemer
0%
No matching quizzes found
Score Distribution
Percent of People with Each Score
Percentile by Number Answered
Your Score History
You have not taken this quiz